| 000 | 00420nam a22001457a 4500 | ||
|---|---|---|---|
| 082 |
_aM1 _bPAD/P |
||
| 100 |
_aPadmanabha Panikkar Mooloor _994870 |
||
| 245 |
_aPulavrittham/ _cby Mooloor S Padmanabha Panikkar |
||
| 260 |
_aPathanamthitta: _bMooloor Smaraka Commite, _c1990. |
||
| 300 | _a90p. | ||
| 650 |
_aPoetry Malayalam _994871 |
||
| 650 |
_aLiterature Malayalam _994872 |
||
| 650 |
_aLiterature _994873 |
||
| 942 | _cBK | ||
| 999 |
_c60436 _d60436 |
||